John Dobbert's first aid for marriage. (Record no. 14573)

000 -LEADER
fixed length control field 00541nam a2200181 a 4500
001 - CONTROL NUMBER
control field :::00012405$&:&@@
003 - CONTROL NUMBER IDENTIFIER
control field OkBaRHE
005 - DATE AND TIME OF LATEST TRANSACTION
control field 20000607103419.0
008 - FIXED-LENGTH DATA ELEMENTS--GENERAL INFORMATION
fixed length control field s1978 j 000 0 eng u
040 ## - CATALOGING SOURCE
Transcribing agency
100 1# - MAIN ENTRY--PERSONAL NAME
Personal name Dobbert, John.
245 10 - TITLE STATEMENT
Title John Dobbert's first aid for marriage.
260 ## - PUBLICATION, DISTRIBUTION, ETC. (IMPRINT)
Place of publication, distribution, etc Santa Ana, CA., :
Name of publisher, distributor, etc Vision House Publishers
Date of publication, distribution, etc c1978
300 ## - PHYSICAL DESCRIPTION
Extent 191 p. ;
Dimensions 20 cm.
650 ## - SUBJECT ADDED ENTRY--TOPICAL TERM
Topical term or geographic name as entry element Marriage
942 ## - ADDED ENTRY ELEMENTS (KOHA)
Source of classification or shelving scheme
Koha item type Books
Copies
Barcode Permanent Location Source of classification or shelving scheme Koha item type Price effective from Not for loan Lost status Date last seen Withdrawn status Full call number Date acquired Damaged status Shelving location Copy number
12405RHEMA Bible Training College Books2010-04-14  2010-04-14 HQ 728 .D62010-04-14 General Stacks1